1130 1928 1658 1880 1058 1042 1711 1196 1787 1984 1162 1966 1900 1038 1260 1335 1429 1040 1486 1045 1706 1597 1469 1190 1618 1333 1944 1439 1030 1529 1873 1681 1126 1389 1642 1156 1523 1765 1546 1248 1128 1945 1880 1915 1860 1200 1306 1034 1604 1045 1858 1592 1955 1373 1311 1665 1203 1511 1993 1993 1868 1585 1075 1607 1042 1924 1854 1280 1873 1310 1276 1623 1585 1562 1559 1430 1748 1602 1634 1502 1862 1576 1942 1525 1510 1998 1811 1265 1755 1973 1381 1742 1417 1953 1552 1727 1880 1129 1158 BCNSPRNW ULIB Ver.6.0+V

เปลี่ยนเป็นภาษาไทย

Change to English
 แสดงรายละเอียดบรรณานุกรม
  กลับหน้าหลัก

Brief Record : Get Marc (ISO 2709) : E-mail record : QR code < ปิดหน้าต่าง
LEADER : 00000nam 2200000uu 4500
001    13399110926
003     ULIB
008    110613s||||||||th 000 0 tha d
020    9749183320
050  4 AC158^bค163ด 2004
100    คริสโตเฟอร์ เมย์นาร์ด
245    เด็กๆรู้ไหมทำไมเครื่องบินมีปีก^cผู้แต่ง คริสโตเฟอร์ เมย์นาร์ด
260    กรุงเทพฯ : ^bโกรเลียร์ อินเตอร์เนชั่นแนล, ^c2004
300    32 หน้า : ^bภาพประกอบสี ; ^c28 ซม.
650  7 ความรู้รอบตัว
650  7 อากาศยาน
650  7 เครื่องบิน
945    ^p350^l0^i029022
995    ทศพร
999 ^a ใช้งานได้ทุกระบบ
รายการนี้ยังไม่มีแท็ก
คุณยังไม่ได้ล็อกอิน คุณสามารถมีกิจกรรมร่วมกับเว็บไซต์ได้ แต่ต้องล็อกอินก่อน ::
  ล็อกอิน

รายการสื่อสารสนเทศ

ลำดับที่ ประเภท เลขเรียก/บาร์โค้ด สถานที่ สถานะ
- ไม่พบข้อมูล -

รายการใกล้เคียง
    หัวเรื่อง [ความรู้รอบตัว]

BibComment


ยังไม่เคยถูกคอมเมนท์

คอมเมนท์ทรัพยากรรายการนี้
  คอมเมนท์: เด็กๆรู้ไหมทำไมเค..


 Copyright 2026. Bcnsprnw @Library